[Event "Baden-ch U14"]
[Site "Bad Mergentheim"]
[Date "2003.01.02"]
[Round "1"]
[White "Knoedler, Jessica"]
[Black "Stiefel, Michael"]
[Result "0-1"]
[WhiteElo "888"]
[BlackElo "1523"]
[PlyCount "124"]
[EventDate "2003.01.??"]
[EventType "swiss"]
[EventRounds "7"]
[EventCountry "GER"]
[SourceTitle "EXT 2005"]
[Source "ChessBase"]
[SourceDate "2004.11.15"]
[SourceVersion "1"]
[SourceVersionDate "2004.11.15"]
[SourceQuality "1"]

1. e4 c5 2. Nc3 e6 3. d3 Nc6 4. Nf3 a6 5. d4 cxd4 6. Nxd4 Qc7 7. Nxc6 Qxc6 8. Be2 Bb4 9. Bd2 Nf6 10. Bf3 Qc7 11. 0-0 0-0 12. a3 Be7 13. Bg5 d6 14. Qd3 h6 15. Bh4 Rb8 16. Rae1 b5 17. Bg3 e5 18. Bh4 g5 19. Bg3 Be6 20. h4 Bc4 21. Qe3 Bxf1 22. Kxf1 g4 23. Be2 Kh7 24. b3 Rbc8 25. Nd1 Qxc2 26. f3 gxf3 27. Qxf3 Qc7 28. Qf5+ Kg7 29. Bh5 Qd7 30. Qf3 Nxh5 31. Qxh5 f5 32. Kg1 fxe4 33. Rxe4 Qf5 34. Qxf5 Rxf5 35. Ne3 Rc1+ 36. Kh2 Rf7 37. Rg4+ Kh7 38. Nd5 Rd1 39. Nxe7 Rxe7 40. a4 Rd4 41. Rxd4 exd4 42. Bxd6 Rd7 43. Bf4 d3 44. axb5 axb5 45. g4 d2 46. Bxd2 Rxd2+ 47. Kg3 Rd3+ 48. Kf4 Rxb3 49. g5 hxg5+ 50. hxg5 Kg6 51. Kg4 Rb4+ 52. Kg3 Kxg5 53. Kf3 Rc4 54. Ke3 b4 55. Kd3 Rc8 56. Kd2 b3 57. Ke3 b2 58. Kf3 b1Q 59. Ke3 Rc4 60. Kf3 Qb3+ 61. Ke2 Rc2+ 62. Kd1 Qb1# 0-1